• 首页
  • 本馆介绍
  • 公告通知
  • 最新文献
  • 馆藏检索
  • 电子资源
  • 读者导购
  • 参考咨询
  • 我的图书馆
  • 登录
  • 详细信息显示
  • 放入我的书架
  • 预约/预借图书
  • 作者相关作品
  • 分类相关作品
  • 丛书相关作品
  • 出版社相关作品

书目信息

  • 表格格式
  • 工作单格式
  • 卡片格式
题名:
世界日报兴衰史
    
 
作者: 张友鸾 著
分册:  
出版信息: 重庆   重庆出版社  1982
页数: 275页
开本: 21cm
丛书名: 新闻丛书
单 册:
中图分类: G219.19
科图分类:
主题词: 报刊-新闻事业史--世界 , 新闻事业史-报刊--世界
电子资源:
ISBN:
000 00709nam2 2200265 45
001 0182003305
005 20060809154824.96
010    @dCNY0.98
091    @aCN@b17114.10
100    @a19950605d1982 em y0chiy0121 ea
101 0  @achi
102    @aCN@b510000
105    @ay z 000yy
200 10 @a世界日报兴衰史@Ashi jie ri bao xing shuan shi@f张友鸾著
210    @a重庆@c重庆出版社@d1982
215    @a275页@d21cm
225 2  @a新闻丛书
410  0 @120010@a新闻丛书
606    @a报刊-新闻事业史@y世界
606    @a新闻事业史-报刊@y世界
690    @aG219.19@v3
701  0 @a张友鸾@Azhang you luan@4著
801  2 @aCN@bNLC@c20060809
801  0 @aCN@bTSSF@c20060809
905    @a10447@dG219.19@e172
    
    世界日报兴衰史/张友鸾著.-重庆:重庆出版社,1982
    275页;21cm.-(新闻丛书)
    
    
    ISBN :CNY0.98
    
●
相关链接 在E读中查询图书 在五车中查询图书 在当当中查询图书 在豆瓣中查询图书


正题名:世界日报兴衰史     索取号:G219.19/172         预约/预借

序号 登录号 条形码 馆藏地/架位号 状态 备注
1 0440736   204407365   密集书库/ [索取号:G219.19/172] 在馆    
2 0450016   204500165   密集书库/ [索取号:G219.19/172] 在馆    
3 0450095   204500959   密集书库/ [索取号:G219.19/172] 在馆    
唐山师范学院图书馆 欢迎您!
大连网信软件有限公司© 版权所有